Отходы атомной промышленности. Природа, использование и удаление: пер. с англ.

Dettagli Bibliografici
Altri autori: Брежнева Н. Е. (редактор), Зайцев Б. А., Потапов С. П.
Lingua:russo
Pubblicazione: Москва, Атомиздат, 1963
Soggetti:
Natura: MixedMaterials Libro
KOHA link:https://koha.lib.tpu.ru/cgi-bin/koha/opac-detail.pl?biblionumber=94862

MARC

LEADER 00000nam0a2200000 4500
001 94862
005 20231031105825.0
035 |a (RuTPU)RU\TPU\book\101613 
090 |a 94862 
100 |a 20060417d1963 km y0rusy50 ca 
101 0 |a rus  |c eng 
102 |a RU 
105 |a a z 001zy 
200 1 |a Отходы атомной промышленности. Природа, использование и удаление  |e пер. с англ.  |f под ред. Н. Е. Брежнева; под ред. Б. А. Зайцев; под ред. С. П. Потапов 
210 |a Москва  |c Атомиздат  |d 1963 
215 |a 467 с.  |c ил. 
320 |a Библиогр. в конце ч. 
610 1 |a атомная промышленность 
610 1 |a отходы 
610 1 |a природа 
610 1 |a использование 
610 1 |a удаление 
610 1 |a радиоактивные вещества 
610 1 |a обезвреживание 
675 |a 621.384  |v 3 
702 1 |a Брежнева  |b Н. Е.  |4 340 
702 1 |a Зайцев  |b Б. А.  |4 340 
702 1 |a Потапов  |b С. П.  |4 340 
801 1 |a RU  |b 63413507  |c 20060417  |g PSBO 
801 2 |a RU  |b 63413507  |c 20210812  |g PSBO 
942 |c BK